Piłkarze na okładkach gier serii FIFA - Statystyki

Ogólne statystyki
  • Ten quiz został rozwiązany 1 474 razy
    160 od ostatniego zresetowania
  • Średni wynik to 25 z 51
Statystyki odpowiedzi
Rok Piłkarz % Poprawnych
2018 Cristiano Ronaldo
99%
2019 Cristiano Ronaldo
99%
2013 Lionel Messi
99%
2014 Lionel Messi
99%
2015 Lionel Messi
99%
2016 Lionel Messi
99%
2021 Kylian Mbappe
91%
2022 Kylian Mbappe
91%
2023 Kylian Mbappe
91%
2024 Erling Haaland
77%
2004 Ronaldinho
76%
2006 Ronaldinho
76%
2007 Ronaldinho
76%
2008 Ronaldinho
76%
2009 Ronaldinho
76%
2006 Wayne Rooney
73%
2007 Wayne Rooney
73%
2008 Wayne Rooney
73%
2009 Wayne Rooney
73%
2010 Wayne Rooney
73%
2011 Wayne Rooney
73%
2012 Wayne Rooney
73%
2025 Jude Bellingham
69%
2026 Jude Bellingham
69%
2017 Marco Reus
58%
2015 Eden Hazard
52%
2020 Eden Hazard
52%
2011 Kaka
52%
2002 Thierry Henry
44%
2004 Thierry Henry
44%
1998 David Beckham
41%
2026 Jamal Musiala
37%
2010 Frank Lampard
24%
2003 Roberto Carlos
22%
2004 Alessandro del Piero
16%
2003 Ryan Giggs
15%
2003 Edgar Davids
13%
2001 Paul Scholes
11%
1994 Piotr Świerczewski
10%
1999 Dennis Bergkamp
7%
2005 Patrick Vieira
7%
2005 Andrij Szewczenko
6%
2005 Fernando Morientes
3%
2012 Jack Wilshere
3%
1994 David Platt
2%
2000 Sol Campbell
1%
2010 Theo Walcott
1%
1996 Andy Legg
0%
1997 David Ginola
0%
1995 Erik Thorstvedt
0%
1996 Ioan Sabau
0%
Nie znaleziono quizów pasujących do podanych kryteriów
Rozkład punktacji
Procent ludzi z każdym wynikiem
Percentyl według liczby udzielonych odpowiedzi
Twoja historia wyników
Nie rozwiązałeś tego quizu od ostatniego zresetowania